Los maestros como productores de saber escolar en Colombia. Tomo III /

Detalles Bibliográficos
Otros Autores: Martínez Velasco, Miguel Ángel (Editor)
Formato: Electrónico eBook
Lenguaje:español
Publicado: Bogotá, Colombia : Editorial Aula de Humanidades, 2024.
Edición:Primera edición.
Colección:Colección Educación y pedagogía. Serie Historia de la educación.
Materias:
Acceso en línea:Digitalia Hispánica

MARC

LEADER 00000nam a2200000Ii 4500
001 DIGAUHUM0074
003 NyNyDIG
006 m o d
007 cr |||||||||||
008 260205s2024 ck ob 001 0 spa d
035 |a (OCoLC)1573181982 
040 |a DGITA  |b eng  |e rda  |e pn  |c DGITA 
020 |a 9786287777118  |q (versión digital) 
020 |z 9786287777101  |q (versión impresa) 
043 |a s-ck--- 
050 1 4 |a LB1719.C55 ebook 
245 0 4 |a Los maestros como productores de saber escolar en Colombia.  |n Tomo III /  |c Miguel Ángel Martínez Velasco, editor académico. 
250 |a Primera edición. 
264 1 |a Bogotá, Colombia :  |b Editorial Aula de Humanidades,  |c 2024. 
300 |a 1 online resource. 
336 |a text  |b txt  |2 rdacontent 
337 |a computer  |b c  |2 rdamedia 
338 |a online resource  |b cr  |2 rdacarrier 
347 |a text file  |2 rdaft 
347 |b PDF 
490 1 |a Colección: Educación y pedagogía. Serie: Historia de la educación 
504 |a Includes bibliographical references and indexes. 
588 0 |a Online resource; title from PDF title page (Digitalia, viewed February 5, 2026) 
650 0 |a Education  |z Colombia  |y 20th century. 
650 0 |a Education  |z Colombia  |y 21st century. 
650 0 |a Teachers  |x Training of  |z Colombia  |y 20th century. 
650 0 |a Teachers  |x Training of  |z Colombia  |y 21st century. 
650 0 |a Education  |x History  |z Colombia  |y 20th century. 
650 0 |a Education  |x History   |z Colombia  |y 21st century. 
700 1 |a Martínez Velasco, Miguel Ángel,  |e editor. 
791 2 |a Digitalia (Firm),  |e distributor. 
793 0 |g Digitalia eBook Collection:  |a Editorial Aula de Humanidades 
776 0 8 |i Print version:  |t Maestros como productores de saber escolar en Colombia.  |n Tomo III.  |b Primera edición.  |d Bogotá, Colombia : Editorial Aula de Humanidades, 2024  |z 9786287777101 
830 0 |a Colección Educación y pedagogía.  |p Serie Historia de la educación. 
856 4 0 |3 Digitalia Hispánica  |u https://www.digitaliapublishing.com/a/180159/ 
910 |a Premium collection: 2026